000 00503nam a22001817a 4500
005 20251108164932.0
008 250721s1997 xx 000 0 ara d
082 1 4 _a182/بلد
100 1 _aبلدي، نجيب
245 1 0 _aدروس في تاريخ الفلسفة /
250 _aط2.
264 1 _aالدار البيضاء :
_bدار توبقال،
_c1997.
300 _a118ص
650 1 7 _aالفلسفة اليونانية
650 1 7 _aالتاريخ
942 _2ddc
_cBK
999 _c17834
_d17834